Cantanti Hip-Hop livello (quasi) impossibile - Statistics

Statistiche generali
  • Questo quiz è stato fatto 181 volte
    176 dall'ultimo reset
  • Il punteggio medio è 33 su 83
Statistiche sulle risposte
con Immagini Risposta % Corretto
Drake
94%
Travis Scott
90%
Kanye West
89%
The Weeknd
89%
Snoop Dogg
86%
Post Malone
85%
Eminem
84%
XXXTentacion
82%
50 Cent
73%
Cardi B
73%
Jay-Z
71%
Kendrick Lamar
69%
A$AP Rocky
67%
Ice Spice
65%
Lil Wayne
65%
2Pac
63%
Mac Miller
62%
21 Savage
61%
Future
58%
Tyler, The Creator
58%
Juice WRLD
56%
Lil Baby
56%
J. Cole
55%
SZA
55%
Dr. Dre
54%
Lil Uzi Vert
54%
Machine Gun Kelly
54%
Pop Smoke
52%
Doja Cat
50%
The Notorious B.I.G.
50%
Lil Peep
48%
Offset
48%
Quavo
48%
Young Thug
47%
Frank Ocean
46%
Gunna
40%
Wiz Khalifa
39%
Childish Gambino
38%
Takeoff
38%
Trippie Redd
38%
Metro Boomin
37%
Rick Ross
37%
Chris Brown
36%
Lil Yachty
35%
Nas
35%
Playboi Carti
33%
Tyga
33%
Don Toliver
32%
Kid Cudi
31%
Lil Durk
30%
Swae Lee
30%
Chief Keef
29%
Lil Tjay
29%
Ty Dolla $ign
29%
Baby Keem
27%
YoungBoy Never Broke Again
26%
French Montana
24%
Denzel Curry
23%
Kodak Black
23%
Gucci Mane
19%
Roddy Ricch
19%
Tory Lanez
19%
Fetty Wap
16%
Freddie Gibbs
15%
JPEGMafia
14%
Kali Uchis
14%
Pusha T
14%
Steve Lacy
14%
NAV
13%
Meek Mill
11%
2 Chainz
10%
Joey Bada$$
10%
A$AP Ferg
9%
Big Sean
9%
Brent Faiyaz
8%
Earl Sweatshirt
8%
Rich The Kid
8%
Skepta
8%
A Boogie wit da Hoodie
6%
PARTYNEXTDOOR
5%
Schoolboy Q
4%
6lack
2%
Juicy J
2%
Nessun quiz corrispondente trovato
Distribuzione punteggi
Percentuale di utenti per punteggio
Percentile per numero di risposta
I tuoi punteggi nel tempo
Non hai fatto questo quiz dall'ultimo reset